Statistics for Countries States Capitals Elements Words first 2 letters twc

Click here to take the quiz!

General Stats

  • This quiz has been taken 69 times
  • The average score is 6 of 19

Answer Stats

ANSWER% Correct
Antananarivo
71%
Manama
64%
Caracas
50%
Phosphorus
50%
Funafuti
46%
Barbados
43%
Dodoma
43%
Einsteinium
36%
Abu Dhabi
32%
Georgetown
32%
Ouagadougou
32%
Tantalum
29%
Antigua and Barbuda
25%
San Salvador
25%
Amsterdam
18%
Concord
11%
Ljubljana
11%
Tajikistan
7%
Nihonium
0%

Score Distribution

Percentile by Number Answered

Percent of People with Each Score

Your Score History

You have not taken this quiz